000
00315nam a2200109Ia 4500
008
171211s9999 xx 000 0 und d
245
_a
Graphic Translation, a Graphic Design Project Guide
245
_c
Kimberly Elam
260
_c
2006
650
_x
Design
856
_u
http://down.ebook777.com/061/9781419653322.pdf
999
_c
347934
_d
347934